Management Accounting (Record no. 561)

MARC details
000 -LEADER
fixed length control field 00407nam a22001697a 4500
005 - DATE AND TIME OF LATEST TRANSACTION
control field 20180717150250.0
008 - FIXED-LENGTH DATA ELEMENTS--GENERAL INFORMATION
fixed length control field 160511b xxu||||| |||| 00| 0 eng d
020 ## - INTERNATIONAL STANDARD BOOK NUMBER
ISBN 81-2591091-3
041 ## - LANGUAGE CODE
Language code of text/sound track or separate title eng
082 ## - DEWEY DECIMAL CLASSIFICATION NUMBER
Item number 1293
Classification number 658.1511
100 ## - MAIN ENTRY--AUTHOR NAME
Personal name Gopu , J
245 ## - TITLE STATEMENT
Title Management Accounting
260 ## - PUBLICATION, DISTRIBUTION, ETC. (IMPRINT)
Name of publisher Vikas Publishing house Pvt. Ltd.
Year of publication 2002
300 ## - PHYSICAL DESCRIPTION
Number of Pages 343
650 ## - SUBJECT ADDED ENTRY--TOPICAL TERM
Topical Term Management
942 ## - ADDED ENTRY ELEMENTS (KOHA)
Koha item type Books
Holdings
Lost status Damaged status Home library Shelving location Date acquired Cost, normal purchase price Full call number Accession Number Koha item type Collection code Current library
    JRU Library SHELF - 14 - H 11/05/2016 150.00 658.1511 1293 Books    
    JRU Library SHELF-73-K 11/05/2016 150.00 658.1511 1294 Books MANAGEMENT JRU Library
    JRU Library SHELF-73-K 11/05/2016 150.00 658.1511 1295 Books MANAGEMENT JRU Library
    JRU Library SHELF-73-K 11/05/2016 150.00 658.1511 1296 Books MANAGEMENT JRU Library